[Event "USA-ch"]
[Site "Seattle"]
[Date "2000.09.28"]
[Round "4"]
[White "Seirawan, Yasser"]
[Black "Kaidanov, Gregory S"]
[Result "1-0"]
[WhiteElo "2647"]
[BlackElo "2624"]
[Annotator "Ftacnik,L"]
[PlyCount "83"]
[EventDate "2000.09.25"]
[EventType "tourn"]
[EventRounds "11"]
[EventCountry "USA"]
[EventCategory "14"]
[SourceTitle "CBM 080"]
[Source "ChessBase"]
[SourceDate "2001.01.25"]
[SourceVersion "1"]
[SourceVersionDate "2001.01.25"]
[SourceQuality "1"]

1. Nf3 d5 2. g3 g6 3. Bg2 Bg7 4. d4 Nf6 5. O-O O-O 6. c4 dxc4 7. Na3 Nc6 8.
Nxc4 Be6 9. b3 Bd5 10. e3 a5 11. a4 Nb4 12. Ba3 Be4 $6 {This tactical mistake
will have far reaching consequences and will hardly find followers.} 13. Nxa5
$1 Nc2 (13... Rxa5 14. Bxb4 $16) 14. Nxb7 Qd5 (14... Qe8 15. Nc5 Nxa1 16. Nxe4
Nxe4 17. Qxa1 $16) 15. Nc5 (15. Bxe7 Qxb7 16. Rc1 Nb4 (16... Qxb3 $2 17. Bxf8
Kxf8 18. Nd2 $18) 17. Bxf8 Bxf8 18. Ne1 $16) 15... Nxa1 16. Nxe4 Qxb3 (16...
Nxe4 17. Nd2 f5 18. Qxa1 $16) 17. Bxe7 (17. Qxa1 $2 Nxe4 18. Bxe7 Rxa4 $15)
17... Nxe4 18. Bxf8 Bxf8 (18... Qxd1 19. Rxd1 Rxa4 20. Bxg7 Kxg7 21. Ne5 $18)
19. Ne5 Rxa4 (19... f5 20. Qxa1 Rxa4 21. Qb1 $16) 20. Bxe4 Qxd1 21. Rxd1 {
[%mdl 4096] Black has lost a pawn and his knight on a1 sits on a miserable
square.} Kg7 (21... c5 $2 22. Bd5 $18) 22. Rc1 c5 (22... Bd6 23. Nc6 $16) 23.
Bd5 f6 (23... cxd4 24. Rc7 Bd6 25. Rxf7+ Kh8 (25... Kh6 26. Ng4+ Kg5 27. h4+
$18) 26. Ng4 $18) 24. Nc6 (24. dxc5 $5 fxe5 25. c6 Bd6 26. c7 Bxc7 27. Rxc7+
Kh8 28. Re7 $18) 24... cxd4 25. Nxd4 (25. Nd8 Kh6 26. exd4 Rxd4 (26... Bb4 27.
h4 $18) 27. Nf7+ Kg7 28. Ba2 $18) 25... Bd6 (25... Kh6 26. Ne6 Be7 27. Rc7 $18)
26. Ne6+ Kh6 27. Nd8 $1 {Seirawan has much more than just an extra pawn,
black's king is a target of a ferocious attack.} Be7 (27... Kg7 28. Rc6 Be5 29.
f4 Bb8 30. Rb6 $18) 28. Nf7+ Kg7 29. Rc7 Kf8 (29... Bb4 30. Ne5+ Kf8 31. Rf7+
Ke8 32. Bc6+ $18) 30. Nh6 Ra5 31. e4 f5 32. Ng8 $1 Bg5 (32... Bd6 33. Rd7 Bb4
34. Nf6 Be7 35. Nxh7+ Ke8 36. Bc6 $18) 33. h4 fxe4 34. Rc8+ Kg7 35. Bc4 Nc2 (
35... Bd2 36. Rc7+ Kh8 37. Nf6 $18) 36. hxg5 Ra1+ 37. Kh2 Nd4 38. Rc7+ Kh8 (
38... Kf8 39. f4 $1 Nf3+ 40. Kg2 $18) 39. Nh6 Nf3+ 40. Kh3 Nxg5+ 41. Kg4 Ra5
42. Rd7 (42. Rd7 Re5 43. Bd5 $18) 1-0

[Event "Linklater Memorial"]
[Site "San Francisco"]
[Date "2001.03.07"]
[Round "10"]
[White "Baburin, Alexander"]
[Black "Altounian, Levon"]
[Result "1-0"]
[WhiteElo "2598"]
[BlackElo "2441"]
[Annotator "Hecht,H"]
[PlyCount "123"]
[EventDate "2001.02.26"]
[EventType "tourn"]
[EventRounds "10"]
[EventCountry "USA"]
[EventCategory "8"]
[SourceTitle "CBM 082"]
[Source "ChessBase"]
[SourceDate "2001.05.17"]
[SourceVersion "1"]
[SourceVersionDate "2001.05.17"]
[SourceQuality "1"]

1. d4 Nf6 2. c4 g6 3. Nf3 Bg7 4. g3 O-O 5. Bg2 d5 6. O-O dxc4 7. Na3 c3 8. bxc3
c5 9. e3 Nc6 10. Qe2 Nd5 11. Bb2 Qa5 12. Rac1 Bg4 13. h3 Bxf3 14. Bxf3 Nb6 15.
Qb5 a6 16. Qxa5 Nxa5 17. Rb1 Rab8 18. Bc1 Na4 19. Bd2 b5 20. Rfc1 Rfc8 21. Kg2
e6 22. e4 Nc6 23. d5 exd5 24. exd5 Ne5 25. Be2 c4 26. Nc2 Nc5 27. Nb4 a5 28.
Nc6 Nxc6 29. dxc6 Nd3 30. Bxd3 cxd3 31. Bf4 Rb6 32. c7 g5 33. Bxg5 Be5 34. Rd1
f6 35. Rxd3 Rxc7 36. Be3 Rbb7 37. Bd4 Bxd4 38. cxd4 b4 39. a3 Rc4 40. d5 Kf7
41. d6 Rd7 42. Rd5 bxa3 43. Rxa5 Rc3 44. Rd1 Rc6 45. Rxa3 Rcxd6 46. Rc1 Rd3 47.
Ra8 Rd8 48. Rc7+ R3d7 49. Rxd8 Rxc7 50. Rd5 {[#] 3-2 Bauern am Königsflügel
sollten trotz der schwarzen Bauern- und Felderschwächen ein Remis ergeben. Was
dennoch alles passieren kann, ersehen Sie aus dem Endspiel Saizew,A - Hübner,R,
Büsum 1969.} Kg6 51. g4 Rf7 52. Kg3 Rb7 53. h4 Ra7 54. Rd6 Kg7 55. g5 fxg5 56.
hxg5 Ra4 57. f4 Ra3+ 58. Kg4 Ra4 59. Kf5 Ra5+ 60. Ke4 Ra4+ 61. Rd4 Ra1 62. f5 {
[#] Vergleichen Sie bitte diese Schlussstellung mit dem Endspiel
Bobozow-Juhtman, Kiew 1964 im Magazin-.Beitrag} 1-0

[Event "ARM-ch"]
[Site "Yerevan"]
[Date "2000.09.06"]
[Round "7"]
[White "Nalbandian, Tigran"]
[Black "Lputian, Smbat G"]
[Result "1/2-1/2"]
[WhiteElo "2465"]
[BlackElo "2598"]
[Annotator "Hecht,H"]
[PlyCount "171"]
[EventDate "2000.08.30"]
[EventType "tourn"]
[EventRounds "9"]
[EventCountry "ARM"]
[EventCategory "11"]
[SourceTitle "CBM 079"]
[Source "ChessBase"]
[SourceDate "2000.11.21"]
[SourceVersion "1"]
[SourceVersionDate "2000.11.21"]
[SourceQuality "1"]

1. Nf3 d5 2. g3 g6 3. Bg2 Bg7 4. c4 Nf6 5. O-O O-O 6. d4 dxc4 7. Na3 c3 8. bxc3
c5 9. Nc4 Nc6 10. Nce5 Nxe5 11. Nxe5 Ng4 12. Nf3 Qa5 13. Bd2 Bd7 14. Qb3 Bc6
15. d5 Bd7 16. Qxb7 Rfd8 17. Bf4 Qb5 18. Rab1 Qxe2 19. h3 Nf6 20. Ne5 Qxa2 21.
Rfe1 Bf8 22. Bg5 Be8 23. d6 exd6 24. Bxf6 dxe5 25. Bxd8 Rxd8 26. Rxe5 Ba4 27.
Rbe1 Rd7 28. Qa6 Bb3 29. Qxa2 Bxa2 30. Re8 Kg7 31. Ra1 Be6 32. Bc6 Rc7 33. Bg2
c4 34. Rd8 Be7 35. Rb8 Bf6 36. Rb7 Rxb7 37. Bxb7 Bxc3 38. Rxa7 Bd4 39. Ra4 Kf6
40. Kg2 c3 41. Be4 Ke5 42. Bc2 h5 43. h4 Kd5 44. Kf1 Kc5 45. Ke1 Bd5 46. Ra5+
Kd6 47. Ra6+ Kc5 48. Ra7 Be6 49. Rb7 Kc6 50. Rb8 Kd6 51. Rd8+ Kc5 52. Rb8 Kd6
53. Ra8 Kc5 54. Ra5+ Kb6 55. Ra4 Kc5 56. f3 Bd5 57. Ke2 Bc6 58. Ra7 Bd5 59. g4
Bf6 60. Ra5+ Kd6 61. Ra6+ Ke7 62. Ra7+ Ke6 63. g5 Be5 64. Ra6+ Ke7 65. Ke3 Bg3
66. Ra4 Kd6 67. Bd1 Bc6 68. Rc4 Bd5 69. Rxc3 Bxh4 70. f4 f6 71. Rd3 Kc5 72.
gxf6 Bxf6 73. Bf3 Bc4 74. Rd1 g5 75. f5 g4 76. Be2 Bxe2 77. Kxe2 {[#]} h4 78.
Ke3 Bg5+ 79. Kf2 Bf6 80. Ke3 Bg5+ 81. Ke4 h3 82. Rd3 Kc6 $1 (82... h2 83. Rd1
Kc6 84. Rh1 g3 85. Kf3 Bf4 86. Kg2 Kd5 87. Re1 Be5 88. Rf1 Bd6 (88... Bg7 89.
f6 Bf8 90. Re1 $18 {[%cal Rf6f7,Re1e8]}) 89. Ra1 (89. f6 Ke6 90. f7 Bf8 $11 91.
Kxg3 h1=Q) 89... Ke5 90. Ra6 Bf8 (90... Be7 91. Re6+ $18) 91. f6 Kf5 92. f7 $18
{[%cal Ra6a8]}) 83. Rd1 Kc5 84. Rd3 Kc6 85. Rd1 Kc5 86. Rd3 1/2-1/2

[Event "RUS-chT 09th Group1"]
[Site "Ekaterinburg"]
[Date "2002.05.22"]
[Round "6"]
[White "Rustemov, Alexander"]
[Black "Najer, Evgeniy"]
[Result "0-1"]
[WhiteElo "2598"]
[BlackElo "2598"]
[Annotator "Hecht,H"]
[PlyCount "196"]
[EventDate "2002.05.17"]
[EventType "team-tourn"]
[EventRounds "7"]
[EventCountry "RUS"]
[SourceTitle "CBM 090"]
[Source "ChessBase"]
[SourceDate "2002.09.20"]
[SourceVersion "1"]
[SourceVersionDate "2002.09.20"]
[SourceQuality "1"]
[WhiteTeam "Norilsk Norilsky Nikel"]
[BlackTeam "Tyumen Gazovik"]
[WhiteTeamCountry "RUS"]
[BlackTeamCountry "RUS"]

1. d4 Nf6 2. Nf3 g6 3. g3 d5 4. Bg2 Bg7 5. O-O O-O 6. c4 dxc4 7. Na3 c3 8. bxc3
c5 9. e3 Nc6 10. Qe2 Bf5 11. Nc4 Nd5 12. Bb2 Nb6 13. Rfd1 Nxc4 14. Qxc4 Qb6 15.
Ba3 cxd4 16. cxd4 Rfc8 17. Ng5 Nd8 18. Qa4 Nc6 19. Rac1 a5 20. Bc5 Qd8 21. Qb3
e6 22. Ne4 Bxe4 23. Bxe4 Qc7 24. Rb1 Rab8 25. Qb5 Qd7 26. Bb6 Ra8 27. Kg2 Bf8
28. Rd3 Qe8 29. a3 Bd6 30. Rc3 Qe7 31. Qa4 Kg7 32. Rcb3 Qf8 33. R1b2 Ra6 34.
Bd3 Raa8 35. Rc2 Qe7 36. Rcc3 Bb4 37. Rc4 Bd6 38. Be4 Ra6 39. Bc5 Bxc5 40. Rxc5
Rc7 41. Rbb5 Qd6 42. Qc4 Ra7 43. Qc3 Kg8 44. h4 h5 45. a4 Ra6 46. Kh2 Qd7 47.
Bf3 Rc8 48. Bg2 Rc7 49. Rc4 Qd6 50. Bf3 Qd8 51. Qa3 Ne5 52. Rxc7 Nxf3+ 53. Kg2
Nxh4+ 54. gxh4 Qxc7 55. Qb3 Qc6+ 56. d5 exd5 57. Qxd5 Qc8 58. Qe4 Rc6 59. Re5
Rc4 60. Re8+ Kh7 61. Rxc8 Rxe4 62. Rc7 Kg7 63. Rxb7 Rxa4 64. Kg3 Rg4+ 65. Kh3
Rb4 66. Ra7 {[#] Randfreibauer mit Turm vor (Partie) oder neben (Variante) dem
Freibauer sowie 3-3 Bauern am anderen Flügel mit weißer Bauernschwäche h4.} Ra4
({Die Idee mit der Seitendeckung ist nicht umwerfend.} 66... a4 67. f3 Kf6 68.
Kg3 Ke6 {[%cal Ge6b3]} 69. e4 f5 70. Kf4 fxe4 71. fxe4 Kd6 72. Ra6+ Kc5 73.
Rxg6 Kc4 74. Ra6 Kb3 75. Kg5 $11) 67. Ra6 Ra1 68. Kg2 a4 69. Kh2 a3 70. Kg2 Kf8
71. Ra7 Ke8 72. Kf3 $6 ({Warum eigentlich nicht} 72. Kh2 Kd8 (72... f6 73. Kg2
g5 74. hxg5 fxg5 {bewirkt gar nichts}) 73. Rxf7 Rf1 74. Ra7 Rxf2+ 75. Kg3 Ra2
76. e4 Kc8 77. e5 Kb8 78. Ra4 Kc7 79. e6 Kd6 80. Ra6+ Ke7 81. Kh3 Ra1 82. Kg2
$11) 72... Rg1 73. Rxa3 Rg4 74. Ra7 Kf8 75. Rb7 Rxh4 {[#] Wegen des freien
h-Bauern bietet dieses Endspiel "2-3 auf einem Flügel" einige praktische
Chancen.} 76. Kg3 Rg4+ 77. Kh3 Kg7 78. Ra7 (78. f3 Ra4 79. e4 {sieht besser
aus, weil damit der Vorwärtsdrang der schwarzen Bauern eher gehemmt wird.})
78... Re4 79. Kg3 g5 80. Ra5 Kg6 81. Ra8 Rb4 82. Rg8+ Kf5 83. Rf8 f6 84. Rf7
h4+ 85. Kh3 Rb2 86. Kg2 g4 {[%cal Rg4g3] der schwarze Raumgewinn hat
beängstigende Formen angenommen.} 87. Rh7 h3+ 88. Kg3 Rb1 89. f3 (89. Rh5+ Kg6
90. Rh4 f5 91. f3 Rg1+ 92. Kf2 Rg2+ 93. Kf1 Kg5 94. Rh8 Ra2 95. Kg1 Re2 $19)
89... Rg1+ 90. Kh2 (90. Kf2 Rg2+ 91. Kf1 Kg6 92. Rh8 f5 $19) 90... Rg2+ 91. Kh1
gxf3 92. Rxh3 Kg4 (92... Ke4 93. Rh4+ Kxe3 94. Re4+ Kf2 95. Re2+ ({aber} 95.
Ra4 Rg8 96. Ra2+ Kg3 97. Kg1 {mit der schlauen Pattverteidigung Tg2+}) 95...
Kg3 $19) 93. Rh6 (93. Rh8 Kg3 94. Rg8+ Kf2 95. Ra8 Rg7 96. Ra2+ Kg3 97. Kg1 Rb7
{und die Pattidee Tg2+ fällt wegen des noch vorhandenen e-Bauern ins Wasser})
93... Kg3 94. e4 Kf2 95. Rxf6 Rg7 96. Rh6 Ke2 97. Ra6 Rh7+ 98. Kg1 f2+ 0-1

[Event "EU-ch 1st"]
[Site "Saint Vincent"]
[Date "2000.07.10"]
[Round "7"]
[White "Simonenko, Sergei"]
[Black "Epishin, Vladimir"]
[Result "1-0"]
[WhiteElo "2465"]
[BlackElo "2567"]
[Annotator "Hecht,H"]
[PlyCount "155"]
[EventDate "2000.07.03"]
[EventType "swiss"]
[EventRounds "11"]
[EventCountry "ITA"]
[SourceTitle "CBM 078"]
[Source "ChessBase"]
[SourceDate "2000.10.18"]
[SourceVersion "1"]
[SourceVersionDate "2000.10.18"]
[SourceQuality "1"]

1. d4 Nf6 2. Nf3 g6 3. g3 Bg7 4. Bg2 O-O 5. O-O d5 6. c4 dxc4 7. Na3 Ne8 8.
Nxc4 Nd6 9. Nce5 Nd7 10. Nxd7 Bxd7 11. Bf4 c6 12. Be5 Qb6 13. Bxg7 Kxg7 14. Qc1
Be6 15. Qg5 Rae8 16. Qd2 Rd8 17. b4 Bd5 18. Rfd1 Rfe8 19. a3 Kg8 20. Qf4 a5 21.
bxa5 Qxa5 22. h4 Bxf3 23. Bxf3 Qf5 24. Qc1 e5 25. dxe5 Qxe5 26. Kg2 Nb5 27. e3
h5 28. a4 Rxd1 29. Qxd1 Nd6 30. Ra3 Re6 31. Rd3 Kg7 32. Rd4 Rf6 33. a5 Nf5 34.
Rb4 Nd6 35. Qa4 Nf5 36. Rxb7 Qc3 37. Qf4 Qxa5 38. Rb8 Ne7 39. Qe4 Qc7 40. Re8
Nf5 41. Qa4 Nd6 42. Ra8 c5 43. Qa1 c4 44. Ra6 Qe7 45. Bd5 Ne8 46. Ra7 Nc7 47.
Qa5 Rf5 48. Qa1+ Rf6 49. Qd4 Qd6 50. Bxc4 Qc6+ 51. e4 Ne6 52. Bxe6 Qxe6 53. e5
Qc6+ 54. Kg1 Re6 55. Kh2 Qb6 56. Qxb6 Rxb6 57. Kg2 {[#] Epishin misslingt die
Verteidigung, indem er zu einem späteren Zeitpunkt die Umgehung seiner
Stellung via g7 durch den weißen König zuläßt.} Kf8 58. Kf3 Rb4 (58... f6 $2
59. Ke4 fxe5 60. Kxe5 Kg8 61. Rd7 Rb2 62. Kf6 Rxf2+ 63. Kxg6 $18) 59. Ke3 Kg8
60. f3 Kf8 61. Rd7 Ra4 62. Rd4 Ra5 (62... Ra1 63. Kf4 Rg1 64. Rd6 Kg7 65. Rf6
Rg2 $14 {Die Bindung des Königs an den g-Bauern mindert erheblich die weißen
Aktivitäten, der ohne besonderen Effekt g4 spielen kann.}) 63. Kf4 Ke7 $6 (
63... f6 $2 64. exf6 Rf5+ 65. Ke3 Kf7 66. Rd6 Rxf6 67. Rxf6+ Kxf6 68. Kf4 Ke6
69. Kg5 Kf7 70. f4 Kg7 71. f5 gxf5 72. Kxf5 $18) (63... Kg7 $142 $1 {mit
besserer Kontrolle der wichtigen Felder und der Bauern.}) 64. Rd6 Ra4+ $2 (
64... Rb5 $142 {[%csl Re5][%cal Rb5e5]}) 65. Kg5 Ra5 (65... Ra3 66. Rf6 Re3 (
66... Kf8 67. e6 $18) 67. f4 Rxg3+ 68. Kh6 Kf8 69. e6 Re3 70. Rxf7+ Kg8 71. Rf6
$18) 66. Kf4 Ra4+ 67. Ke3 Ra5 68. Kf4 Ra4+ {Zum dritten Mal die gleiche
Stellung mit Weiß am Zug - Schwarz hätte Remis reklamieren können!} 69. Kg5 Ra5
70. f4 $1 Ra3 (70... Kf8 71. Kf6 Ra8 72. Rb6 Rc8 73. Ra6 Rb8 74. e6 fxe6 75.
Kxg6 Rb3 76. Kf6 Kg8 77. Ra5 Rb6 78. Kg5 Rb3 79. Kxh5 Rxg3 80. Rg5+ $18) 71.
Kh6 Rxg3 72. Kg7 $18 g5 (72... Rg4 73. Rf6 Rxh4 74. Rxf7+ Ke6 75. Rf6+ Ke7 76.
Kxg6 Rh1 77. Kf5 h4 78. Rh6 h3 79. Rh7+ Kf8 80. Kf6 Kg8 81. Rg7+ Kh8 82. Rg3 h2
83. Kf7 $18) 73. hxg5 h4 74. Rf6 h3 75. Rxf7+ Ke8 76. Rf8+ Ke7 77. Rh8 Rf3 78.
g6 1-0

[Event "Candidates Tournament"]
[Site "Berlin"]
[Date "2018.03.26"]
[Round "13"]
[White "Mamedyarov, Shakhriyar"]
[Black "Grischuk, Alexander"]
[Result "1-0"]
[WhiteElo "2809"]
[BlackElo "2767"]
[Annotator "Krasenkow,M"]
[PlyCount "77"]
[EventDate "2018.03.10"]
[EventType "tourn"]
[EventRounds "14"]
[EventCountry "GER"]
[EventCategory "22"]
[SourceTitle "CBM 184"]
[Source "ChessBase"]
[SourceDate "2018.05.16"]
[SourceVersion "1"]
[SourceVersionDate "2018.05.16"]
[SourceQuality "1"]

1. d4 Nf6 2. Nf3 g6 3. g3 Bg7 4. Bg2 O-O 5. O-O d5 6. c4 dxc4 7. Na3 c3 8. bxc3
c5 9. Re1 {Not the most popular move but it has been played by some of the top
GMs.} Nc6 10. Bb2 (10. e4 {looks natural; then after} Bg4 11. Bb2 (11. Nc2 Qa5
12. Bb2 Rfd8 13. h3 Bxf3 14. Qxf3 Qa4 $132 {0-1 (24) Lindstrom,A (1932)
-Akesson,R (2451) Vaxjo 2015}) (11. d5 Ne5 12. Rb1 e6 13. c4 Qa5 14. Re3 Bh6
15. Reb3 Bxc1 16. Qxc1 Bxf3 17. Bxf3 Nxf3+ 18. Rxf3 Nxe4 $11 {1/2 (37) Banusz,
T (2612)-Ceschia,I (2229) Nova Gorica 2016}) {Black's most logical reply is}
11... Ne8 $5 {Black obtained an excellent position in the following game:} 12.
e5 ({or} 12. Nc2 Nd6 13. Rb1 {1/2 (44) Tadic,B (2513)-Djukic,N (2539) Cetinje
2013} Nc4 14. Ba1 Qa5 $132) 12... Nc7 13. h3 Bf5 14. Qe2 Qc8 15. Kh2 cxd4 16.
cxd4 Nb4 17. Red1 Ncd5 18. Nh4 Be6 19. Rdc1 Qd7 20. Nc4 Rac8 {0-1 (89) Saeed,I
(2428)-Tomczak,J (2596) Warsaw 2017}) 10... Nd5 (10... Qb6 11. Nc4 Qa6 {
is probably worse although it has been seen in a number of games. Grandmasters
usually reply} 12. Ncd2 {[%cal Yd2b3]} (12. Nce5 $5 {is possible, too; here is
the latest game:} Bf5 13. Nxc6 bxc6 14. Qc1 Be4 15. Ba3 Nd7 16. Bh3 Bf5 (16...
Bxf3 $142 17. Bxd7 Bxe2 18. Bxc5 Rfd8 19. Bh3 e6 $14) 17. Bxf5 gxf5 18. e4 $16
{1-0 (38) Petrosian,T (2609)-Darini,P (2478) Sharjah UAE 2018}) {e.g.} 12...
Rd8 13. e4 (13. e3 $5) (13. Bf1 $5) 13... Bg4 14. h3 Bxf3 15. Nxf3 Nd7 16. Bf1
Qa5 17. d5 $14 {1/2 (35) Wen,Y (2618)-Zhao,Y (2195) Shijiazhuang 2015}) 11. Qc2
{A quiet continuation.} (11. Nc4 Nb6 12. Nxb6 Qxb6 13. Rb1 Qa6 14. Qb3 Be6 15.
Qa3 Qxa3 16. Bxa3 cxd4 17. Nxd4 Nxd4 18. cxd4 Bxd4 19. Bxe7 Bxa2 20. Rxb7 Rfe8
$11 {1-0 (34) Atakisi,U (2373)-Strugnell,C (2271) Paracin 2017}) (11. Rb1 cxd4
12. cxd4 Nb6 13. e4 {- see 11.e4}) (11. e4 {is the most principled:} Nb6 12.
Rb1 (12. d5 Na5 $1 13. Rb1 Nac4 14. Nxc4 Nxc4 15. Ba1 e6 16. Bf1 exd5 17. exd5
Nd6 18. c4 Bg4 19. Qb3 Bxa1 20. Rxa1 Bxf3 21. Qxf3 Re8 $11 {1/2 (45) Bellia,F 
(2452)-Valsecchi,A (2466) Milan 2015}) (12. h3 Na5 13. Bf1 (13. Rb1 {1/2 (45)
Efimenko,Z (2655)-Salem,A (2608) Warsaw 2016} Bd7 $11) (13. Qd3 Na4 14. Bc1 Bd7
15. Rb1 Rc8 16. Bd2 a6 17. d5 b5 $132 {0-1 (43) Socko,B (2593)-Salem,A (2638)
Riadh 2017}) 13... Be6 (13... Bd7 $5) 14. d5 Bd7 15. Rc1 e6 16. Qd2 c4 17. Rcd1
exd5 18. exd5 Qc7 $11 {0-1 (55) Picard,R (2326)-Tari,A (2510) Vienna 2015})
12... cxd4 $1 (12... Na5 13. Ba1 Bd7 14. Qe2 Rc8 15. d5 c4 16. Nd4 Rc5 17. Qe3
Na4 18. Rb4 $14 {1-0 (38) Eljanov,P (2717)-Tari,A (2518) Germany 2016}) (12...
Bg4 13. d5 Ne5 14. c4 e6 15. Qb3 Bxf3 16. Bxf3 exd5 17. exd5 Re8 18. Bg2 Qd7
19. h3 Qf5 20. g4 Qf4 21. Re4 Qd2 22. Bc1 Qa5 23. Be3 $14 {1-0 (42) Meier,G 
(2647)-Van Wely,L (2656) chess.com INT 2018}) 13. cxd4 Bg4 14. Nc2 (14. d5 Bxb2
15. Rxb2 Ne5 16. Qb3 Bxf3 17. Bxf3 Nxf3+ 18. Qxf3 Rc8 19. h4 Qd6 20. Kg2 Qe5
21. Qe2 f5 $11 {1-0 (74) Giri,A (2776)-Grandelius,N (2573) Doha 2014}) 14...
Nc4 15. Bc3 Qd7 16. Qe2 Nb6 (16... Rac8 $5 17. Qxc4 $140 $2 Nxd4 $1) 17. Red1
Rac8 18. Ne3 Bxf3 19. Bxf3 Na4 20. Ba1 Nxd4 21. Bxd4 Bxd4 $13 {0-1 (49)
Khismatullin,D (2617)-Lugovskoy,M (2436) Sochi 2016}) 11... cxd4 $146 {[%mdl 8]
} (11... Nb6 12. Rad1 Bf5 13. e4 Bg4 14. h3 Bxf3 15. Bxf3 Qc8 16. Bg2 $14 {
0-1 (67) Dreev,A (2652)-Puranik,A (2509) Bastia 2017}) 12. Nxd4 {A harmless
recapture leading to a symmetrical pawn structure.} (12. cxd4 {is not
dangerous, either, due to} Bg4 $132 {[%cal Yd8a5,Ya8c8]}) 12... Nf6 $5 13. Nxc6
bxc6 14. c4 (14. Bxc6 Rb8 {[%cal Yc8f5,Yf6g4,Yd8a5,Gb8b2] is quite risky for
White.}) 14... Bf5 $5 15. Qc1 (15. e4 Be6 16. e5 Nd7 17. Bxc6 Rc8 $44) 15...
Qc7 $11 16. Nc2 Rab8 17. Bc3 Bxc2 18. Qxc2 Ne8 19. h4 c5 20. Red1 Bxc3 21. Qxc3
Nf6 {White's bishop is not stronger than Black's knight because the position
is not open enough, and White's c4-pawn is fixed on a light square.} 22. Bf3 h5
23. Rab1 Rxb1 24. Rxb1 Rb8 25. Rb5 Ne8 26. Qe3 Rxb5 27. cxb5 Nd6 28. a4 c4 29.
Kg2 c3 30. Bc6 Qa5 31. Qc5 a6 32. e4 axb5 33. axb5 Kh7 34. e5 Nxb5 $4 $138 {
A tactical oversight.} ({After} 34... Nf5 {passed pawns of both sides are
equally strong, and the game should end in a draw, e.g.} 35. Be4 e6 36. Bd3 Kg7
{and} 37. Qc6 $2 {is bad due to} Nd4) 35. e6 $1 {[%mdl 64] Black overlooked
this blow under time pressure.} (35. Bxb5 $2 c2 36. e6 {(too late)} c1=Q 37.
Qxc1 Qxb5 38. exf7 Qd5+ $11) 35... Qa3 (35... fxe6 36. Qxe7+ Kh6 37. Qf8+ Kh7
38. Qf7+ Kh8 39. Qf6+ Kh7 40. Be4 $18) (35... c2 36. exf7 $18) 36. Qxb5 c2 37.
exf7 Kg7 38. Be4 $1 c1=Q 39. Qe8 {Black's pair of queens is useless.} 1-0

[Event "EU-chT (Men) 19th"]
[Site "Warsaw"]
[Date "2013.11.17"]
[Round "9.1"]
[White "Aronian, Levon"]
[Black "Mamedyarov, Shakhriyar"]
[Result "1/2-1/2"]
[WhiteElo "2801"]
[BlackElo "2757"]
[Annotator "Krasenkow,M"]
[PlyCount "82"]
[EventDate "2013.11.08"]
[EventType "team-swiss"]
[EventRounds "9"]
[EventCountry "POL"]
[SourceTitle "CBM 158"]
[Source "ChessBase"]
[SourceDate "2014.01.16"]
[SourceVersion "1"]
[SourceVersionDate "2014.01.16"]
[SourceQuality "1"]
[WhiteTeam "Armenia"]
[BlackTeam "Azerbaijan"]
[WhiteTeamCountry "ARM"]
[BlackTeamCountry "AZE"]

1. Nf3 d5 2. g3 g6 3. Bg2 Bg7 4. d4 Nf6 5. c4 dxc4 6. Na3 c3 7. bxc3 c5 8. O-O
O-O 9. e3 Nc6 10. Qe2 Bf5 11. Rd1 cxd4 {This move is rarely played.} ({
Kasparov's} 11... Qb6 {is the main continuation.}) ({Old moves} 11... Be4) ({
and} 11... Qa5 {should not be discarded either.}) 12. cxd4 (12. Nxd4 Nxd4 13.
cxd4 Bg4 14. f3 Bd7 $11 {[%cal Yd7a4]}) 12... Qa5 (12... Rc8 13. Bb2 Nb4 $6 14.
Ne5 $1 (14. Ne1 Bg4 15. Bf3 Bxf3 16. Nxf3 Qd5 $132 {1-0 (74) Granda Zuniga,J 
(2581)-Nakamura,H (2571) Wijk aan Zee 2004 CBM 099 [Ftacnik,L]}) 14... Be4 15.
Bh3 e6 16. f3 Bf5 17. Bf1 Bc2 18. Rdc1 Ba4 19. Rxc8 Qxc8 20. Qd2 Nc6 21. Nac4
Rd8 22. Rc1 $14 {1/2 Makarov,M-Svidler,P/Togliatti 2003/ (22)}) (12... Be4 $5 {
M.Gagunashvili}) 13. Nc4 {Hardly a good continuation leading to an unpleasant
pin. It is amazing how quickly even top players forget strategic ideas of
systems which for some reason go out of fashion! In this case I mean the
Nf3-d2-b3 manoeuvre.} (13. Nd2 Nd5 (13... Bg4 14. f3 Be6 15. Nb3 Bxb3 16. axb3
Rfd8 {1/2 (48) Gagunashvili,M (2584)-Teran Alvarez,I (2402) Calvia 2007} 17.
Bd2 Qb6 18. Nc4 $14 {M.Gagunashvili}) 14. Nb3 Nc3 15. Qe1 Qb4 16. Bd2 Qxa3 17.
Bxc3 Rac8 $13 {M.Gagunashvili}) (13. Bb2 $5 Rac8 14. Nd2 Bg4 15. f3 Bd7 16. Nb3
Qd8 17. Nc4 Nb4 18. Rdc1 Bb5 19. a4 Ba6 20. Bf1 Nbd5 $13 {1-0 (45) Van Wely,L 
(2686)-Edouard,R (2621) Melilla 2011 CBM 146 [RR]}) 13... Qa6 14. Bf1 {Quite
an awkward setup. White's queen has no good square to retreat to if needed.}
Rac8 15. Bd2 Be6 16. Be1 Rfd8 17. Rdc1 Bd5 {Black has a comfortable position.}
18. a4 b6 {Probably it was a bit better to leave the pawn on b7, where it was
well-protected:} (18... Ne4 19. a5 Nb8 {[%cal Yb8d7]}) 19. a5 Qb7 20. axb6 axb6
21. Rab1 b5 22. Qd1 (22. Ncd2 $5 {[%cal Ye3e4]} b4 $1 23. e4 Ba2) 22... Ne4 (
22... b4 {was double-edged as this pawn could become weak. Black prefers a
simpler course.}) 23. Na5 {[%mdl 64] This leads to big simplifications and a
draw. Of course, White had hardly anything better.} Nxa5 24. Rxc8 Rxc8 ({Or} 
24... Qxc8 25. Bxa5 Nc3 26. Bxc3 Qxc3 27. Rxb5 Bxf3 28. Qxf3 Bxd4 $11) 25. Rxb5
(25. Bxa5 $143 Qa8 {[%cal Ye4g3,Ye4f2]} 26. Be1 $140 $6 (26. Rxb5 $2 Bc6) 26...
Nxf2 $1 27. Kxf2 $6 Bxf3 28. Qxf3 $2 Qa2+) 25... Nxf2 $1 26. Kxf2 Bxf3 27. Rxb7
(27. Qxf3 $2 Rc2+ 28. Be2 $2 Qxb5) 27... Bxd1 28. Bxa5 Bf6 {White's pawn
advantage in the centre is insufficient to obtain winning chances.} 29. Bc7 Kg7
30. Ra7 Bb3 31. Ba6 Re8 32. Bb5 Rc8 33. Bd7 Rh8 34. Ra5 e6 35. Bc6 Rc8 36. Ra7
Bd8 37. Be5+ Bf6 38. Rc7 Rd8 39. Rd7 Rxd7 40. Bxd7 Bxe5 41. dxe5 Bd5 1/2-1/2